000 00439nam a2200181Ia 4500
001 20982
005 20260306172846.0
008 260306t2003||||xx |||||||||||||| ||spa||
041 _aESP
082 _a343.811L
_bP19
100 _aPalma Martínez, Jorge
_eAUT
245 0 _aLey del presupuesto de la república
260 _c2003
300 _a800 páginas :
_c20 cm.
650 _aGEN
654 _aCCO
942 _cLIB
_dJUS
_fJUS
_2ddc
_n
999 _c20982
_d20982